000 00548cam a2200169 4500
001 3367
005 20181127171108.0
008 030515s2003 nyu 000 0 eng
010 _a 2003049162
020 _a9781844132256
100 0 _aHanh,Thich Nhat.
_c
245 1 0 _aCreating true peace :
_bEnding violence in yourself, your family, your community, and the world /
_cThich Nhat Hanh.
260 _aLondon :
_bRider Books,
_c2003.
300 _a208 p. ;
_c23 cm.
650 0 _aBuddhism
_xSocial aspects.
650 0 _aPeace
_xReligious aspects
_xBuddhism.
999 _c2727
_d2727